Risultati Serie A 2023-2024 - 4ª giornata - Statistics

Statistiche generali
  • Questo quiz è stato fatto 13 volte
  • Il punteggio medio è 4 su 10
Statistiche sulle risposte
Hint Risposta % Corretto
Juventus-Lazio 3-1
83%
Roma-Empoli 7-0
75%
Monza-Lecce 1-1
50%
Fiorentina-Atalanta 3-2
50%
Inter-Milan 5-1
50%
Salernitana-Torino 0-3
33%
Frosinone-Sassuolo 4-2
33%
Verona-Bologna 0-0
25%
Genoa-Napoli 2-2
25%
Cagliari-Udinese 0-0
8%
Nessun quiz corrispondente trovato
Distribuzione punteggi
Percentuale di utenti per punteggio
Percentile per numero di risposta
I tuoi punteggi nel tempo
Non hai fatto questo quiz